Vista normal Vista MARC
  • Insectos defoliadores

Entrada Término temático

Número de registros utilizados en: 85

001 - NÚMERO DE CONTROL

  • campo de control: 30448

003 - IDENTIFICADOR DEL NÚMERO DE CONTROL

  • campo de control: OSt

005 - FECHA Y HORA DE LA ÚLTIMA TRANSACCIÓN

  • campo de control: 20170811155300.0

008 - DATOS DE LONGITUD FIJA

  • campo de control de longitud fija: 150915|| aca||aabn | a|a d

040 ## - FUENTE DE LA CATALOGACIÓN

  • Centro catalogador/agencia de origen: OSt
  • Centro/agencia transcriptor: OSt

150 ## - ENCABEZAMIENTO--TÉRMINO DE MATERIA

  • Término de materia o nombre geográfico como elemento de entrada: Insectos defoliadores

450 ## - TRAZADO DE VÉASE--TÉRMINO DE MATERIA

  • Término de materia o nombre geográfico como elemento de entrada: Insectos depredadores de las hojas

670 ## - FUENTE DE DATOS ENCONTRADOS

  • Cita de la fuente: FEDEPALMA